000 00532nam a2200217Ia 4500
003 OSt
005 20221005121219.0
006 a|||||r|||| 00| 0
007 ta
008 221004b |||||||| |||| 00| 0 eng d
024 _a44952
037 _cTextual
040 _aCRL
_cCRL
_beng
041 _2eng
_aeng
082 _aP28, F3.1 close sec
245 0 _aGrammar of Arabic language
260 _c1923
650 _aLINGUISTICS
942 _hP28, F3.1 close sec
_cTEXL
_2cc
999 _c1040483
_d1040483